[Event "Chennai WinTV op 1st"]
[Site "Chennai"]
[Date "2004.01.28"]
[Round "9"]
[White "Swati, Mohota"]
[Black "Syed Anwar, Shazuli"]
[Result "0-1"]
[WhiteElo "2121"]
[BlackElo "2280"]
[PlyCount "70"]
[EventDate "2004.01.21"]
[EventType "swiss"]
[EventRounds "13"]
[EventCountry "IND"]
[SourceTitle "CBM 098 Extra"]
[Source "ChessBase"]
[SourceDate "2004.03.10"]
[SourceVersion "2"]
[SourceVersionDate "2004.03.10"]
[SourceQuality "1"]

1. d4 d5 2. c4 e6 3. Nc3 c6 4. e3 Nf6 5. Nf3 Nbd7 6. Qc2 Bd6 7. Be2 0-0 8. 0-0 h6 9. h3 Qe7 10. Rd1 Re8 11. e4 dxe4 12. Nxe4 Nxe4 13. Qxe4 e5 14. dxe5 Nxe5 15. Be3 Bc7 16. Qc2 Nxf3+ 17. Bxf3 Qe5 18. Rac1 Bf5 19. Qc3 Qh2+ 20. Kf1 Re6 21. c5 Rae8 22. Ke2 Bf4 23. Rh1 Bxe3 24. fxe3 Qf4 25. Kf2 Rxe3 26. Rhe1 Rxf3+ 27. Qxf3 Qd2+ 28. Kg3 Rxe1 29. Qxf5 Qe3+ 30. Kh2 Qg1+ 31. Kg3 Re3+ 32. Kh4 g5+ 33. Kh5 Qxc1 34. Kxh6 Re6+ 35. Kh5 Qf4 0-1

[Event "Chennai WinTV op 1st"]
[Site "Chennai"]
[Date "2004.01.27"]
[Round "7"]
[White "Ramu, K."]
[Black "Syed Anwar, Shazuli"]
[Result "1-0"]
[WhiteElo "2156"]
[BlackElo "2280"]
[PlyCount "73"]
[EventDate "2004.01.21"]
[EventType "swiss"]
[EventRounds "13"]
[EventCountry "IND"]
[SourceTitle "CBM 098 Extra"]
[Source "ChessBase"]
[SourceDate "2004.03.10"]
[SourceVersion "2"]
[SourceVersionDate "2004.03.10"]
[SourceQuality "1"]

1. e4 c6 2. d3 d5 3. Nd2 g6 4. Ngf3 Bg7 5. g3 e5 6. Bg2 Ne7 7. 0-0 0-0 8. b4 f5 9. Bb2 fxe4 10. dxe4 d4 11. Ne1 Be6 12. Nd3 Nd7 13. c3 dxc3 14. Bxc3 g5 15. Qh5 h6 16. Bh3 Bxh3 17. Qxh3 Ng6 18. Rad1 Qe8 19. Nc4 Rf6 20. Ne3 Ngf8 21. Nf5 Qe6 22. Nb2 Re8 23. Rd2 Rg6 24. Rd6 Qf7 25. Rfd1 Ree6 26. Nc4 Kh7 27. R1d2 g4 28. Qf1 Nb6 29. Nxb6 axb6 30. Qc4 Bf6 31. a4 Kg8 32. Qe2 h5 33. R2d3 Bg5 34. Bd2 Be7 35. Qe3 c5 36. b5 c4 37. R3d5 1-0